<?xml version="1.0" encoding="UTF-8"?>
<record
    xmlns:xsi="http://www.w3.org/2001/XMLSchema-instance"
    xsi:schemaLocation="http://www.loc.gov/MARC21/slim http://www.loc.gov/standards/marcxml/schema/MARC21slim.xsd"
    xmlns="http://www.loc.gov/MARC21/slim">

  <leader>02324nam a2200373 i 4500</leader>
  <controlfield tag="003">DO-SdBNP</controlfield>
  <controlfield tag="005">20250307094247.0</controlfield>
  <controlfield tag="007">ta</controlfield>
  <controlfield tag="008">220722t2001    dr ad||fr|||| 001 0 spa d</controlfield>
  <datafield tag="020" ind1=" " ind2=" ">
    <subfield code="a">9993430129</subfield>
  </datafield>
  <datafield tag="040" ind1=" " ind2=" ">
    <subfield code="a">DO-SdBNP</subfield>
    <subfield code="b">spa</subfield>
    <subfield code="c">BNPHU</subfield>
    <subfield code="e">rda</subfield>
  </datafield>
  <datafield tag="082" ind1=" " ind2="4">
    <subfield code="b">R121p</subfield>
    <subfield code="2">22</subfield>
  </datafield>
  <datafield tag="245" ind1="0" ind2="0">
    <subfield code="a">Racionalizaci&#xF3;n presupuestaria y pol&#xED;tica de gasto p&#xFA;blico /</subfield>
    <subfield code="c">editores, Andr&#xE9;s Dauhajre, hijo, Jaime Aristy, Rita Mena Peguero, Arturo M&#xE9;ndez G&#xF3;mez y H&#xE9;ctor Salcedo Llibre. </subfield>
  </datafield>
  <datafield tag="264" ind1=" " ind2="4">
    <subfield code="a">Santo Domingo :</subfield>
    <subfield code="b">Fundaci&#xF3;n Econom&#xED;a y Desarrollo, </subfield>
    <subfield code="c">2001</subfield>
  </datafield>
  <datafield tag="300" ind1=" " ind2=" ">
    <subfield code="a">534 p&#xE1;ginas :</subfield>
    <subfield code="b">Ilustraciones, gr&#xE1;ficas ;</subfield>
    <subfield code="c">27</subfield>
  </datafield>
  <datafield tag="336" ind1=" " ind2=" ">
    <subfield code="2">rdacontent</subfield>
    <subfield code="a">texto</subfield>
    <subfield code="b">txt</subfield>
  </datafield>
  <datafield tag="337" ind1=" " ind2=" ">
    <subfield code="2">rdamedia</subfield>
    <subfield code="a">sin mediaci&#xF3;n</subfield>
    <subfield code="b">n</subfield>
  </datafield>
  <datafield tag="338" ind1=" " ind2=" ">
    <subfield code="2">rdacarrier</subfield>
    <subfield code="a">volumen</subfield>
    <subfield code="b">nc</subfield>
  </datafield>
  <datafield tag="504" ind1=" " ind2=" ">
    <subfield code="a">Bibliograf&#xED;a: p. 534</subfield>
  </datafield>
  <datafield tag="505" ind1=" " ind2=" ">
    <subfield code="a">Presentaci&#xF3;n.</subfield>
    <subfield code="t">Cap&#xED;tulo I: Magnitud del Gasto P&#xFA;blico global y Social.--</subfield>
    <subfield code="t">Cap&#xED;tulo I: An&#xE1;lisis del Gasto en Programas de la Presidencia de la Rep&#xFA;blica.--</subfield>
    <subfield code="t">Cap&#xED;tulo III: An&#xE1;lisis del Gasto en la Secretar&#xED;a de Estado de Educaci&#xF3;n y Cultura.--</subfield>
    <subfield code="t">Cap&#xED;tulo IV: An&#xE1;lisis del Gasto en la Secretar&#xED;a de Estado de Salud y Asistencia Social.--</subfield>
    <subfield code="t">Cap&#xED;tulo V: An&#xE1;lisis del Gasto en la Secretar&#xED;a de Estado de Agricultura.--</subfield>
    <subfield code="t">Cap&#xED;tulo VI: An&#xE1;lisis del Gasto en la Secretar&#xED;a de Estado de Obras P&#xFA;blicas y Comunicaciones.--</subfield>
    <subfield code="t">Cap&#xED;tulo VII: Los Programas Sociales en la Rep&#xFA;blica Dominicana: An&#xE1;lisis del Gasto Social y Recomendaciones Metodol&#xF3;gicas para Evaluar su Efectividad.--</subfield>
    <subfield code="t">Cap&#xED;tulo IV: An&#xE1;lisis del Gasto en la Secretar&#xED;a de Estado de Salud y Asistencia Social.--</subfield>
    <subfield code="t">Bibliograf&#xED;a: p&#xE1;gina 534</subfield>
  </datafield>
  <datafield tag="590" ind1=" " ind2=" ">
    <subfield code="a">Inventariado 2024 / MF</subfield>
  </datafield>
  <datafield tag="650" ind1=" " ind2="4">
    <subfield code="9">79139</subfield>
    <subfield code="a">Pol&#xED;tica de gastos p&#xFA;blicos</subfield>
    <subfield code="z">Rep&#xFA;blica Dominicana</subfield>
  </datafield>
  <datafield tag="651" ind1=" " ind2="4">
    <subfield code="9">44663</subfield>
    <subfield code="a">Rep&#xFA;blica Dominicana</subfield>
    <subfield code="x">Gastos Presupustarios P&#xFA;blico</subfield>
    <subfield code="y">2001</subfield>
  </datafield>
  <datafield tag="700" ind1="1" ind2=" ">
    <subfield code="a">Dauhajre, Andr&#xE9;s</subfield>
    <subfield code="e">editor</subfield>
    <subfield code="9">6000</subfield>
  </datafield>
  <datafield tag="700" ind1="1" ind2=" ">
    <subfield code="a">Aristy, Jaime,</subfield>
    <subfield code="e">editor</subfield>
    <subfield code="9">10421</subfield>
  </datafield>
  <datafield tag="700" ind1="1" ind2=" ">
    <subfield code="a">Mena Peguero, Rita,</subfield>
    <subfield code="e">editor</subfield>
    <subfield code="9">10382</subfield>
  </datafield>
  <datafield tag="700" ind1="1" ind2=" ">
    <subfield code="a">M&#xE9;ndez G&#xF3;mez, Arturo,</subfield>
    <subfield code="e">editor</subfield>
    <subfield code="9">10423</subfield>
  </datafield>
  <datafield tag="700" ind1="1" ind2=" ">
    <subfield code="a">Salcedo Llibre, H&#xE9;ctor</subfield>
    <subfield code="e">editor</subfield>
    <subfield code="9">10424</subfield>
  </datafield>
  <datafield tag="710" ind1="2" ind2=" ">
    <subfield code="a">Banco Central de la Rep&#xFA;blica Dominicana</subfield>
    <subfield code="e">ed.</subfield>
    <subfield code="9">83405</subfield>
  </datafield>
  <datafield tag="710" ind1=" " ind2=" ">
    <subfield code="a">Estados Unidos .</subfield>
    <subfield code="b"> Agency for International Development</subfield>
    <subfield code="9">83946</subfield>
  </datafield>
  <datafield tag="710" ind1="1" ind2="4">
    <subfield code="a">Republica Dominicana.</subfield>
    <subfield code="b">Oficina Nacional de Planificaci&#xF3;n.</subfield>
    <subfield code="9">70392</subfield>
  </datafield>
  <datafield tag="910" ind1=" " ind2=" ">
    <subfield code="a">MFeliz</subfield>
  </datafield>
  <datafield tag="942" ind1=" " ind2=" ">
    <subfield code="2">ddc</subfield>
    <subfield code="c">LBS1</subfield>
  </datafield>
  <datafield tag="952" ind1=" " ind2=" ">
    <subfield code="0">0</subfield>
    <subfield code="1">0</subfield>
    <subfield code="2">ddc</subfield>
    <subfield code="5">1</subfield>
    <subfield code="7">0</subfield>
    <subfield code="8">PD</subfield>
    <subfield code="a">BNPHU</subfield>
    <subfield code="b">BNPHU</subfield>
    <subfield code="c">CT</subfield>
    <subfield code="d">2018-07-22</subfield>
    <subfield code="e">Donado por CENTEV</subfield>
    <subfield code="l">0</subfield>
    <subfield code="o">R121p</subfield>
    <subfield code="p">2022-3533</subfield>
    <subfield code="r">2022-07-22</subfield>
    <subfield code="w">2022-07-22</subfield>
    <subfield code="y">LBS1</subfield>
  </datafield>
  <datafield tag="952" ind1=" " ind2=" ">
    <subfield code="0">0</subfield>
    <subfield code="1">0</subfield>
    <subfield code="2">ddc</subfield>
    <subfield code="5">1</subfield>
    <subfield code="7">0</subfield>
    <subfield code="8">PD</subfield>
    <subfield code="a">BNPHU</subfield>
    <subfield code="b">BNPHU</subfield>
    <subfield code="c">CT</subfield>
    <subfield code="d">2018-07-22</subfield>
    <subfield code="e">Donado por CENTEV</subfield>
    <subfield code="l">0</subfield>
    <subfield code="o">R121p</subfield>
    <subfield code="p">2022-3534</subfield>
    <subfield code="r">2022-07-22</subfield>
    <subfield code="t">e.2</subfield>
    <subfield code="w">2022-07-22</subfield>
    <subfield code="y">LBS1</subfield>
  </datafield>
  <datafield tag="952" ind1=" " ind2=" ">
    <subfield code="0">0</subfield>
    <subfield code="1">0</subfield>
    <subfield code="2">ddc</subfield>
    <subfield code="5">6</subfield>
    <subfield code="7">0</subfield>
    <subfield code="8">DS</subfield>
    <subfield code="a">BNPHU</subfield>
    <subfield code="b">BNPHU</subfield>
    <subfield code="c">CT</subfield>
    <subfield code="d">2023-03-13</subfield>
    <subfield code="e">Donado por el Banco Central</subfield>
    <subfield code="l">0</subfield>
    <subfield code="o">R121p</subfield>
    <subfield code="p">2024-0079</subfield>
    <subfield code="r">2024-01-05</subfield>
    <subfield code="t">e.3</subfield>
    <subfield code="w">2024-01-05</subfield>
    <subfield code="y">LBS1</subfield>
  </datafield>
  <datafield tag="999" ind1=" " ind2=" ">
    <subfield code="c">52216</subfield>
    <subfield code="d">52216</subfield>
  </datafield>
</record>
